[Event "Elite Hotels Open 2025"]
[Site "Elite Stadshotellet, Växjö, Sweden"]
[Date "2025.02.07"]
[Round "3.3"]
[White "Joensson, Jacob"]
[Black "Trost, Edvin"]
[Result "0-1"]
[TimeControl "R1-4: 15 min + 5 sek, R5-8: 90 min + 30 sek"]
[BlackTitle "IM"]
[WhiteElo "2111"]
[BlackElo "2462"]

1. d4 {[%clk 00:15:08]} {[%emt 00:00:02]} Nf6 {[%clk 00:14:19]} {[%emt
00:00:47]} 2. c4 {[%clk 00:15:11]} {[%emt 00:00:06]} e6 {[%clk 00:14:23]}
{[%emt 00:00:02]} 3. Bf4 {[%clk 00:15:14]} Bb4+ {[%clk 00:14:10]} {[%emt
00:00:18]} 4. Nd2 {[%clk 00:15:18]} {[%emt 00:00:01]} O-O {[%clk 00:14:10]}
{[%emt 00:00:05]} 5. a3 {[%clk 00:15:22]} {[%emt 00:00:02]} Bxd2+ {[%clk
00:14:00]} {[%emt 00:00:15]} 6. Qxd2 {[%clk 00:15:25]} {[%emt 00:00:02]} b6
{[%clk 00:14:04]} {[%emt 00:00:01]} 7. e3 {[%clk 00:15:11]} {[%emt 00:00:18]}
Bb7 {[%clk 00:14:07]} {[%emt 00:00:02]} 8. Nf3 {[%clk 00:15:14]} d6 {[%clk
00:14:08]} {[%emt 00:00:05]} 9. Be2 {[%clk 00:14:56]} {[%emt 00:00:24]} Nbd7
{[%clk 00:14:07]} {[%emt 00:00:05]} 10. h3 {[%clk 00:14:07]} {[%emt 00:00:54]}
Qe7 {[%clk 00:14:09]} {[%emt 00:00:03]} 11. Bh2 {[%clk 00:14:08]} {[%emt
00:00:04]} a5 {[%clk 00:13:50]} {[%emt 00:00:24]} 12. b3 {[%clk 00:13:19]}
{[%emt 00:00:54]} e5 {[%clk 00:13:49]} {[%emt 00:00:06]} 13. d5 {[%clk
00:13:01]} {[%emt 00:00:23]} Nc5 {[%clk 00:13:18]} {[%emt 00:00:37]} 14. Qc2
{[%clk 00:12:58]} {[%emt 00:00:07]} b5 {[%clk 00:12:41]} {[%emt 00:00:43]} 15.
O-O {[%clk 00:11:14]} {[%emt 00:01:48]} bxc4 {[%clk 00:12:42]} {[%emt
00:00:04]} 16. bxc4 {[%clk 00:11:17]} {[%emt 00:00:02]} Ba6 {[%clk 00:12:44]}
{[%emt 00:00:03]} 17. Nd2 {[%clk 00:11:03]} {[%emt 00:00:19]} Rab8 {[%clk
00:12:34]} {[%emt 00:00:16]} 18. e4 {[%clk 00:10:01]} {[%emt 00:01:06]} Rb6
{[%clk 00:12:23]} {[%emt 00:00:16]} 19. Rfb1 {[%clk 00:09:23]} {[%emt
00:00:43]} Rfb8 {[%clk 00:12:26]} {[%emt 00:00:02]} 20. Kh1 {[%clk 00:08:45]}
{[%emt 00:00:43]} Qd8 {[%clk 00:12:11]} {[%emt 00:00:20]} 21. Bg1 {[%clk
00:08:42]} {[%emt 00:00:08]} h6 {[%clk 00:11:55]} {[%emt 00:00:21]} 22. f3
{[%clk 00:08:43]} {[%emt 00:00:03]} Nh5 {[%clk 00:11:52]} {[%emt 00:00:08]} 23.
Bf1 {[%clk 00:08:19]} {[%emt 00:00:30]} Qg5 {[%clk 00:11:16]} {[%emt 00:00:41]}
24. Bf2 {[%clk 00:05:57]} {[%emt 00:02:27]} Bc8 {[%clk 00:10:53]} {[%emt
00:00:28]} 25. Rxb6 {[%clk 00:05:29]} {[%emt 00:00:33]} Rxb6 {[%clk 00:10:55]}
{[%emt 00:00:04]} 26. Qc3 {[%clk 00:05:09]} {[%emt 00:00:24]} a4 {[%clk
00:09:37]} {[%emt 00:01:23]} 27. Rb1 {[%clk 00:04:39]} {[%emt 00:00:35]} Rxb1
{[%clk 00:08:55]} {[%emt 00:00:48]} 28. Nxb1 {[%clk 00:04:42]} {[%emt
00:00:02]} Ng3+ {[%clk 00:08:58]} 29. Bxg3 {[%clk 00:03:45]} {[%emt 00:01:02]}
Qxg3 {[%clk 00:09:01]} {[%emt 00:00:02]} 30. Qe3 {[%clk 00:03:43]} {[%emt
00:00:06]} f5 {[%clk 00:09:00]} {[%emt 00:00:07]} 31. exf5 {[%clk 00:03:33]}
{[%emt 00:00:15]} Bxf5 {[%clk 00:09:03]} {[%emt 00:00:02]} 32. Nc3 {[%clk
00:03:36]} {[%emt 00:00:02]} e4 {[%clk 00:05:35]} {[%emt 00:03:34]} 33. Nb5
{[%clk 00:03:11]} {[%emt 00:00:29]} Nd7 {[%clk 00:05:38]} {[%emt 00:00:02]} 34.
Nd4 {[%clk 00:02:03]} {[%emt 00:01:14]} Bg6 {[%clk 00:05:33]} {[%emt 00:00:10]}
35. Ne6 {[%clk 00:01:44]} {[%emt 00:00:23]} Ne5 {[%clk 00:05:16]} {[%emt
00:00:22]} 36. Qf4 {[%clk 00:01:23]} {[%emt 00:00:26]} Qxf4 {[%clk 00:05:11]}
{[%emt 00:00:10]} 37. Nxf4 {[%clk 00:01:27]} {[%emt 00:00:02]} exf3 {[%clk
00:05:05]} {[%emt 00:00:11]} 38. gxf3 {[%clk 00:01:30]} Bf5 {[%clk 00:04:53]}
{[%emt 00:00:17]} 39. Kg2 {[%clk 00:01:25]} {[%emt 00:00:10]} Kf7 {[%clk
00:04:54]} {[%emt 00:00:04]} 40. c5 {[%clk 00:01:05]} {[%emt 00:00:25]} dxc5
{[%clk 00:04:32]} {[%emt 00:00:28]} 41. Bb5 {[%clk 00:01:08]} Bd7 {[%clk
00:03:20]} {[%emt 00:01:18]} 42. Bxd7 {[%clk 00:00:57]} {[%emt 00:00:16]} Nxd7
{[%clk 00:03:24]} 43. Ne6 {[%clk 00:01:01]} c6 {[%clk 00:03:04]} {[%emt
00:00:24]} 44. dxc6 {[%clk 00:01:04]} {[%emt 00:00:02]} Kxe6 {[%clk 00:03:05]}
{[%emt 00:00:04]} 45. c7 {[%clk 00:01:09]} Nb6 {[%clk 00:03:09]} 0-1

[Event "Elite Hotels Open 2025"]
[Site "Elite Stadshotellet, Växjö, Sweden"]
[Date "2025.02.07"]
[Round "3.4"]
[White "Fransson, Patrick"]
[Black "Falkevall, Axel"]
[Result "0-1"]
[TimeControl "R1-4: 15 min + 5 sek, R5-8: 90 min + 30 sek"]
[BlackTitle "FM"]
[WhiteElo "2092"]
[BlackElo "2401"]

1. d4 {[%clk 00:15:07]} {[%emt 00:00:03]} Nf6 {[%clk 00:15:08]} {[%emt
00:00:02]} 2. Bg5 {[%clk 00:15:03]} {[%emt 00:00:09]} g6 {[%clk 00:15:09]}
{[%emt 00:00:04]} 3. e3 {[%clk 00:15:05]} {[%emt 00:00:03]} Bg7 {[%clk
00:15:12]} {[%emt 00:00:01]} 4. Bd3 {[%clk 00:15:08]} {[%emt 00:00:03]} d6
{[%clk 00:15:08]} {[%emt 00:00:09]} 5. Nd2 {[%clk 00:15:07]} {[%emt 00:00:06]}
h6 {[%clk 00:15:10]} {[%emt 00:00:03]} 6. Bh4 {[%clk 00:15:01]} {[%emt
00:00:11]} O-O {[%clk 00:15:05]} {[%emt 00:00:09]} 7. f4 {[%clk 00:14:35]}
{[%emt 00:00:32]} c5 {[%clk 00:14:56]} {[%emt 00:00:14]} 8. c3 {[%clk
00:14:39]} {[%emt 00:00:02]} Bg4 {[%clk 00:14:01]} {[%emt 00:01:00]} 9. Qb3
{[%clk 00:13:24]} {[%emt 00:01:20]} cxd4 {[%clk 00:13:47]} {[%emt 00:00:19]} 10.
exd4 {[%clk 00:13:06]} {[%emt 00:00:23]} Be6 {[%clk 00:13:20]} {[%emt
00:00:31]} 11. Qc2 {[%clk 00:13:04]} {[%emt 00:00:07]} Nd5 {[%clk 00:12:57]}
{[%emt 00:00:28]} 12. Be4 {[%clk 00:11:43]} {[%emt 00:01:27]} Nxf4 {[%clk
00:12:18]} {[%emt 00:00:44]} 13. Bxb7 {[%clk 00:11:18]} {[%emt 00:00:30]} Bf5
{[%clk 00:12:17]} {[%emt 00:00:05]} 14. Qb3 {[%clk 00:10:04]} {[%emt 00:01:20]}
Nd7 {[%clk 00:11:59]} {[%emt 00:00:22]} 15. Bxa8 {[%clk 00:09:55]} {[%emt
00:00:15]} Qxa8 {[%clk 00:11:57]} {[%emt 00:00:07]} 16. Ngf3 {[%clk 00:09:29]}
{[%emt 00:00:31]} Rb8 {[%clk 00:11:20]} {[%emt 00:00:41]} 17. O-O {[%clk
00:08:33]} {[%emt 00:01:01]} Rxb3 {[%clk 00:11:14]} {[%emt 00:00:11]} 18. axb3
{[%clk 00:08:37]} e5 {[%clk 00:10:53]} {[%emt 00:00:26]} 19. Ra6 {[%clk
00:07:20]} {[%emt 00:01:23]} g5 {[%clk 00:10:31]} {[%emt 00:00:27]} 20. Bf2
{[%clk 00:07:06]} {[%emt 00:00:20]} Bd3 {[%clk 00:10:27]} {[%emt 00:00:07]} 21.
Rxd6 {[%clk 00:07:03]} {[%emt 00:00:09]} Bxf1 {[%clk 00:10:26]} {[%emt
00:00:06]} 22. Kxf1 {[%clk 00:06:50]} {[%emt 00:00:18]} Qb7 {[%clk 00:09:55]}
{[%emt 00:00:36]} 23. Be3 {[%clk 00:05:10]} {[%emt 00:01:45]} Bf8 {[%clk
00:09:50]} {[%emt 00:00:09]} 0-1

[Event "Elite Hotels Open 2025"]
[Site "Elite Stadshotellet, Växjö, Sweden"]
[Date "2025.02.07"]
[Round "3.5"]
[White "Arman, Deniz"]
[Black "Johansson, Ulf 1966"]
[Result "0-1"]
[TimeControl "R1-4: 15 min + 5 sek, R5-8: 90 min + 30 sek"]
[WhiteTitle "FM"]
[WhiteElo "2350"]
[BlackElo "2101"]

1. e4 {[%clk 00:14:57]} {[%emt 00:00:07]} c5 {[%clk 00:15:07]} {[%emt
00:00:08]} 2. Nf3 {[%clk 00:14:44]} {[%emt 00:00:18]} Nc6 {[%clk 00:15:09]}
{[%emt 00:00:03]} 3. d4 {[%clk 00:14:29]} {[%emt 00:00:20]} cxd4 {[%clk
00:15:11]} {[%emt 00:00:04]} 4. Nxd4 {[%clk 00:14:32]} {[%emt 00:00:02]} Nf6
{[%clk 00:15:13]} {[%emt 00:00:02]} 5. Nc3 {[%clk 00:14:29]} {[%emt 00:00:09]}
e5 {[%clk 00:15:15]} {[%emt 00:00:03]} 6. Ndb5 {[%clk 00:14:31]} {[%emt
00:00:02]} d6 {[%clk 00:15:17]} {[%emt 00:00:03]} 7. Bg5 {[%clk 00:14:25]}
{[%emt 00:00:11]} a6 {[%clk 00:15:19]} {[%emt 00:00:04]} 8. Na3 {[%clk
00:14:26]} {[%emt 00:00:04]} b5 {[%clk 00:15:21]} {[%emt 00:00:03]} 9. Nab1
{[%clk 00:14:17]} {[%emt 00:00:14]} Ne7 {[%clk 00:15:17]} {[%emt 00:00:09]} 10.
Bxf6 {[%clk 00:13:45]} {[%emt 00:00:36]} gxf6 {[%clk 00:15:20]} {[%emt
00:00:02]} 11. a4 {[%clk 00:12:13]} {[%emt 00:01:38]} b4 {[%clk 00:15:03]}
{[%emt 00:00:23]} 12. Nd5 {[%clk 00:12:16]} Nxd5 {[%clk 00:15:01]} {[%emt
00:00:07]} 13. Qxd5 {[%clk 00:12:07]} {[%emt 00:00:14]} Be6 {[%clk 00:15:00]}
{[%emt 00:00:05]} 14. Qc6+ {[%clk 00:12:04]} {[%emt 00:00:08]} Bd7 {[%clk
00:13:52]} {[%emt 00:01:14]} 15. Qb7 {[%clk 00:11:01]} {[%emt 00:01:07]} Qc8
{[%clk 00:12:06]} {[%emt 00:01:52]} 16. Qxc8+ {[%clk 00:10:17]} {[%emt
00:00:49]} Bxc8 {[%clk 00:12:05]} {[%emt 00:00:06]} 17. c3 {[%clk 00:06:49]}
{[%emt 00:03:33]} Rb8 {[%clk 00:11:59]} {[%emt 00:00:11]} 18. Bc4 {[%clk
00:06:07]} {[%emt 00:00:46]} Rg8 {[%clk 00:11:25]} {[%emt 00:00:39]} 19. g3
{[%clk 00:06:11]} {[%emt 00:00:02]} Bb7 {[%clk 00:07:36]} {[%emt 00:03:54]} 20.
f3 {[%clk 00:05:34]} {[%emt 00:00:42]} f5 {[%clk 00:07:34]} {[%emt 00:00:07]}
21. O-O {[%clk 00:05:17]} {[%emt 00:00:22]} f4 {[%clk 00:07:00]} {[%emt
00:00:39]} 22. g4 {[%clk 00:02:19]} {[%emt 00:03:03]} h5 {[%clk 00:07:03]}
{[%emt 00:00:02]} 23. h3 {[%clk 00:02:23]} hxg4 {[%clk 00:06:36]} {[%emt
00:00:32]} 24. hxg4 {[%clk 00:02:26]} d5 {[%clk 00:05:40]} {[%emt 00:01:02]} 25.
exd5 {[%clk 00:02:12]} {[%emt 00:00:20]} f5 {[%clk 00:04:40]} {[%emt 00:01:04]}
26. Kf2 {[%clk 00:01:21]} {[%emt 00:00:57]} fxg4 {[%clk 00:04:29]} {[%emt
00:00:15]} 27. Nd2 {[%clk 00:00:16]} {[%emt 00:01:09]} gxf3 {[%clk 00:03:34]}
{[%emt 00:01:01]} 28. Kxf3 {[%clk 00:00:16]} {[%emt 00:00:05]} Rg3+ {[%clk
00:03:27]} {[%emt 00:00:12]} 29. Ke2 {[%clk 00:00:17]} {[%emt 00:00:04]} bxc3
{[%clk 00:03:28]} {[%emt 00:00:05]} 30. bxc3 {[%clk 00:00:18]} {[%emt
00:00:04]} Bc8 {[%clk 00:03:28]} {[%emt 00:00:04]} 31. Rfb1 {[%clk 00:00:18]}
{[%emt 00:00:06]} Bg4+ {[%clk 00:03:20]} {[%emt 00:00:12]} 32. Ke1 {[%clk
00:00:13]} {[%emt 00:00:10]} Re3+ {[%clk 00:02:38]} {[%emt 00:00:47]} 33. Kf2
{[%clk 00:00:17]} {[%emt 00:00:01]} Rxb1 {[%clk 00:02:39]} {[%emt 00:00:04]} 34.
Rxb1 {[%clk 00:00:17]} {[%emt 00:00:05]} Bc5 {[%clk 00:02:43]} 35. Kg2 {[%clk
00:00:06]} {[%emt 00:00:15]} Rxc3 {[%clk 00:02:20]} {[%emt 00:00:28]} 0-1

[Event "Elite Hotels Open 2025"]
[Site "Elite Stadshotellet, Växjö, Sweden"]
[Date "2025.02.07"]
[Round "3.6"]
[White "Lilliehook, Victor"]
[Black "Hald Falkesgaard, Jeppe"]
[Result "0-1"]
[TimeControl "R1-4: 15 min + 5 sek, R5-8: 90 min + 30 sek"]
[BlackTitle "FM"]
[WhiteElo "2070"]
[BlackElo "2347"]

1. e4 {[%clk 00:15:07]} {[%emt 00:00:03]} c5 {[%clk 00:15:09]} {[%emt
00:00:01]} 2. Nf3 {[%clk 00:15:11]} {[%emt 00:00:01]} Nc6 {[%clk 00:15:13]} 3.
d4 {[%clk 00:15:11]} {[%emt 00:00:05]} cxd4 4. Nxd4 {[%clk 00:15:14]} e5 {[%clk
00:15:20]} {[%emt 00:00:01]} 5. Nb5 {[%clk 00:15:18]} {[%emt 00:00:02]} d6
{[%clk 00:15:24]} 6. a4 {[%clk 00:15:21]} {[%emt 00:00:02]} Be7 {[%clk
00:14:49]} {[%emt 00:00:39]} 7. N1c3 {[%clk 00:15:14]} {[%emt 00:00:11]} a6
{[%clk 00:14:47]} {[%emt 00:00:09]} 8. Na3 {[%clk 00:15:17]} Nf6 {[%clk
00:14:12]} {[%emt 00:00:40]} 9. Bg5 {[%clk 00:15:11]} {[%emt 00:00:11]} Be6
{[%clk 00:13:46]} {[%emt 00:00:31]} 10. Bxf6 {[%clk 00:15:15]} {[%emt
00:00:02]} Bxf6 {[%clk 00:13:41]} {[%emt 00:00:10]} 11. Bc4 {[%clk 00:15:19]}
O-O {[%clk 00:13:11]} {[%emt 00:00:35]} 12. O-O {[%clk 00:15:19]} {[%emt
00:00:05]} Rc8 {[%clk 00:12:31]} {[%emt 00:00:45]} 13. Nd5 {[%clk 00:15:21]}
{[%emt 00:00:02]} Bg5 {[%clk 00:12:08]} {[%emt 00:00:28]} 14. c3 {[%clk
00:15:25]} {[%emt 00:00:02]} Ne7 {[%clk 00:11:58]} {[%emt 00:00:14]} 15. Qb3
{[%clk 00:15:16]} {[%emt 00:00:15]} Bxd5 {[%clk 00:10:53]} {[%emt 00:01:10]} 16.
Bxd5 {[%clk 00:15:17]} {[%emt 00:00:03]} Nxd5 {[%clk 00:09:44]} {[%emt
00:01:14]} 17. Qxd5 {[%clk 00:15:20]} {[%emt 00:00:02]} Rc6 {[%clk 00:08:27]}
{[%emt 00:01:23]} 18. Rfd1 {[%clk 00:13:27]} {[%emt 00:01:57]} Qc7 {[%clk
00:05:30]} {[%emt 00:03:02]} 19. g3 {[%clk 00:09:22]} {[%emt 00:04:10]} Kh8
{[%clk 00:05:05]} {[%emt 00:00:31]} 20. Nc2 {[%clk 00:07:58]} {[%emt 00:01:29]}
f5 {[%clk 00:01:16]} {[%emt 00:03:55]} 21. Nb4 {[%clk 00:06:34]} {[%emt
00:01:29]} Rc5 {[%clk 00:01:04]} {[%emt 00:00:16]} 22. Qxd6 {[%clk 00:06:18]}
{[%emt 00:00:21]} Qxd6 {[%clk 00:01:03]} {[%emt 00:00:06]} 23. Rxd6 {[%clk
00:06:22]} fxe4 {[%clk 00:01:05]} {[%emt 00:00:03]} 24. Re1 {[%clk 00:05:07]}
{[%emt 00:01:20]} Rc4 {[%clk 00:00:40]} {[%emt 00:00:30]} 25. h4 {[%emt
00:01:17]} Be7 {[%clk 00:00:32]} {[%emt 00:00:06]} 26. Re6 {[%clk 00:02:19]}
{[%emt 00:01:47]} Bxb4 {[%clk 00:00:26]} {[%emt 00:00:12]} 27. cxb4 {[%clk
00:02:24]} Rc2 {[%clk 00:00:12]} {[%emt 00:00:18]} 28. Rxe5 {[%clk 00:02:15]}
{[%emt 00:00:14]} h6 {[%clk 00:00:10]} {[%emt 00:00:07]} 29. Rf1 {[%clk
00:01:38]} {[%emt 00:00:41]} Re2 {[%clk 00:00:14]} {[%emt 00:00:02]} 30. f4
{[%clk 00:00:21]} {[%emt 00:01:22]} Rd8 {[%clk 00:00:13]} {[%emt 00:00:06]} 31.
Rf2 {[%clk 00:00:10]} {[%emt 00:00:16]} Re1+ {[%clk 00:00:15]} {[%emt
00:00:03]} 32. Rf1 {[%clk 00:00:11]} {[%emt 00:00:04]} Re2 {[%clk 00:00:19]}
{[%emt 00:00:01]} 33. Rf2 {[%clk 00:00:15]} Rd1+ {[%clk 00:00:11]} {[%emt
00:00:13]} 34. Kg2 {[%clk 00:00:19]} {[%emt 00:00:02]} Ree1 {[%clk 00:00:15]}
35. f5 {[%clk 00:00:10]} {[%emt 00:00:15]} e3 {[%clk 00:00:10]} {[%emt
00:00:09]} 36. Rf3 {[%clk 00:00:07]} {[%emt 00:00:08]} e2 {[%clk 00:00:12]}
{[%emt 00:00:03]} 0-1

[Event "Elite Hotels Open 2025"]
[Site "Elite Stadshotellet, Växjö, Sweden"]
[Date "2025.02.07"]
[Round "3.7"]
[White "Alexandersson, Niklas"]
[Black "Ostlund, Joar"]
[Result "0-1"]
[TimeControl "R1-4: 15 min + 5 sek, R5-8: 90 min + 30 sek"]
[BlackTitle "FM"]
[WhiteElo "2024"]
[BlackElo "2312"]

1. e4 {[%clk 00:15:04]} {[%emt 00:00:05]} c5 {[%clk 00:15:07]} {[%emt
00:00:03]} 2. d3 {[%clk 00:13:56]} {[%emt 00:01:13]} Nc6 {[%clk 00:15:03]}
{[%emt 00:00:09]} 3. c3 {[%clk 00:13:53]} {[%emt 00:00:08]} Nf6 {[%clk
00:14:47]} {[%emt 00:00:21]} 4. Be2 {[%clk 00:13:38]} {[%emt 00:00:19]} d5
{[%clk 00:14:38]} {[%emt 00:00:14]} 5. Nd2 {[%clk 00:13:34]} {[%emt 00:00:10]}
e5 {[%clk 00:14:31]} {[%emt 00:00:12]} 6. h3 {[%clk 00:13:26]} {[%emt
00:00:13]} Be7 {[%clk 00:14:26]} {[%emt 00:00:09]} 7. Qc2 {[%clk 00:13:26]}
{[%emt 00:00:06]} O-O {[%clk 00:14:18]} {[%emt 00:00:13]} 8. g4 {[%clk
00:13:26]} {[%emt 00:00:05]} dxe4 {[%clk 00:12:55]} {[%emt 00:01:27]} 9. dxe4
{[%clk 00:13:29]} {[%emt 00:00:03]} Re8 {[%clk 00:12:51]} {[%emt 00:00:09]} 10.
Nf1 {[%clk 00:12:51]} {[%emt 00:00:43]} Nd7 {[%clk 00:12:16]} {[%emt 00:00:40]}
11. Ng3 {[%clk 00:12:48]} {[%emt 00:00:08]} Nf8 {[%clk 00:11:42]} {[%emt
00:00:39]} 12. Nf3 {[%clk 00:12:29]} {[%emt 00:00:23]} Ne6 {[%clk 00:10:38]}
{[%emt 00:01:09]} 13. Bb5 {[%clk 00:10:52]} {[%emt 00:01:43]} Qc7 {[%clk
00:10:00]} {[%emt 00:00:44]} 14. Nf5 {[%clk 00:09:09]} {[%emt 00:01:47]} Bf8
{[%clk 00:08:47]} {[%emt 00:01:19]} 15. Ne3 {[%clk 00:06:55]} {[%emt 00:02:18]}
Nf4 {[%clk 00:07:00]} {[%emt 00:01:52]} 16. Rh2 {[%clk 00:06:42]} {[%emt
00:00:18]} a6 {[%clk 00:06:48]} {[%emt 00:00:18]} 17. Bf1 {[%clk 00:06:11]}
{[%emt 00:00:35]} b5 {[%clk 00:06:25]} {[%emt 00:00:29]} 18. h4 {[%clk
00:05:55]} {[%emt 00:00:21]} Bb7 {[%clk 00:04:41]} {[%emt 00:01:49]} 19. h5
{[%clk 00:05:37]} {[%emt 00:00:23]} Nd4 {[%clk 00:03:44]} {[%emt 00:01:02]} 20.
Qd1 {[%clk 00:04:28]} {[%emt 00:01:14]} Bxe4 {[%clk 00:03:28]} {[%emt
00:00:20]} 21. Ng5 {[%clk 00:04:25]} {[%emt 00:00:07]} Bb7 {[%clk 00:03:12]}
{[%emt 00:00:22]} 22. Bd3 {[%clk 00:02:45]} {[%emt 00:01:45]} e4 {[%clk
00:02:58]} {[%emt 00:00:20]} 23. Bb1 {[%clk 00:01:51]} {[%emt 00:00:58]} Nd3+
{[%clk 00:02:16]} {[%emt 00:00:48]} 24. Kf1 {[%clk 00:01:45]} {[%emt 00:00:11]}
Qxh2 {[%clk 00:02:16]} {[%emt 00:00:05]} 25. cxd4 {[%clk 00:01:22]} {[%emt
00:00:28]} Qxf2# {[%clk 00:02:17]} {[%emt 00:00:03]} 0-1

[Event "Elite Hotels Open 2025"]
[Site "Elite Stadshotellet, Växjö, Sweden"]
[Date "2025.02.07"]
[Round "3.8"]
[White "Ernst, Thomas"]
[Black "Fransson, Percy"]
[Result "1-0"]
[TimeControl "R1-4: 15 min + 5 sek, R5-8: 90 min + 30 sek"]
[WhiteTitle "GM"]
[WhiteElo "2299"]
[BlackElo "2100"]

1. e4 {[%clk 00:15:08]} {[%emt 00:00:02]} e6 {[%clk 00:15:08]} {[%emt
00:00:03]} 2. d4 {[%clk 00:15:11]} {[%emt 00:00:02]} d5 {[%clk 00:15:12]}
{[%emt 00:00:01]} 3. Nd2 {[%clk 00:15:14]} {[%emt 00:00:02]} Nf6 {[%clk
00:15:05]} {[%emt 00:00:11]} 4. e5 {[%clk 00:15:17]} {[%emt 00:00:02]} Nfd7
{[%clk 00:15:09]} 5. Bd3 {[%clk 00:15:19]} {[%emt 00:00:03]} c5 {[%clk
00:15:12]} {[%emt 00:00:03]} 6. c3 {[%clk 00:15:22]} {[%emt 00:00:02]} Nc6
{[%clk 00:15:15]} {[%emt 00:00:02]} 7. Ne2 {[%clk 00:15:24]} {[%emt 00:00:03]}
cxd4 {[%clk 00:14:51]} {[%emt 00:00:29]} 8. cxd4 {[%clk 00:15:26]} {[%emt
00:00:02]} f6 {[%clk 00:14:55]} {[%emt 00:00:02]} 9. exf6 {[%clk 00:15:26]}
{[%emt 00:00:05]} Qxf6 {[%clk 00:14:56]} {[%emt 00:00:04]} 10. Nf3 {[%clk
00:15:26]} {[%emt 00:00:05]} Bd6 {[%clk 00:14:55]} {[%emt 00:00:06]} 11. O-O
{[%clk 00:15:23]} {[%emt 00:00:08]} O-O {[%clk 00:13:15]} {[%emt 00:01:45]} 12.
Bg5 {[%clk 00:14:07]} {[%emt 00:01:21]} Qf7 {[%clk 00:13:08]} {[%emt 00:00:12]}
13. Bh4 {[%clk 00:14:06]} {[%emt 00:00:06]} h6 {[%clk 00:13:09]} {[%emt
00:00:04]} 14. Bg3 {[%clk 00:13:55]} {[%emt 00:00:14]} e5 {[%clk 00:09:45]}
{[%emt 00:03:30]} 15. Bb5 {[%clk 00:13:32]} {[%emt 00:00:28]} Qe6 {[%clk
00:08:34]} {[%emt 00:01:17]} 16. dxe5 {[%clk 00:12:16]} {[%emt 00:01:20]} Ndxe5
{[%clk 00:08:16]} {[%emt 00:00:24]} 17. Nxe5 {[%clk 00:12:11]} {[%emt
00:00:10]} Bxe5 {[%clk 00:08:09]} {[%emt 00:00:12]} 18. Bxc6 {[%clk 00:11:47]}
{[%emt 00:00:30]} bxc6 {[%clk 00:08:08]} {[%emt 00:00:06]} 19. Nd4 {[%clk
00:11:48]} {[%emt 00:00:03]} Bxd4 {[%clk 00:07:58]} {[%emt 00:00:15]} 20. Qxd4
{[%clk 00:11:50]} {[%emt 00:00:02]} Bd7 {[%clk 00:07:36]} {[%emt 00:00:28]} 21.
Rfe1 {[%clk 00:11:26]} {[%emt 00:00:29]} Qf7 {[%clk 00:07:00]} {[%emt
00:00:41]} 22. Be5 {[%clk 00:11:10]} {[%emt 00:00:20]} Qg6 {[%clk 00:05:49]}
{[%emt 00:01:17]} 23. f4 {[%clk 00:10:54]} {[%emt 00:00:20]} Bf5 {[%clk
00:05:42]} {[%emt 00:00:12]} 24. Re3 {[%clk 00:10:49]} {[%emt 00:00:10]} c5
{[%clk 00:03:21]} {[%emt 00:02:27]} 25. Qxd5+ {[%clk 00:09:49]} {[%emt
00:01:04]} Be6 {[%clk 00:03:20]} {[%emt 00:00:07]} 26. Qxc5 {[%clk 00:09:41]}
{[%emt 00:00:13]} Rf7 {[%clk 00:03:21]} {[%emt 00:00:03]} 27. Rae1 {[%clk
00:07:22]} {[%emt 00:02:23]} Rc8 {[%clk 00:03:14]} {[%emt 00:00:13]} 28. Qa5
{[%clk 00:07:01]} {[%emt 00:00:25]} Rc2 {[%clk 00:02:07]} {[%emt 00:01:14]} 29.
Rg3 {[%clk 00:06:57]} {[%emt 00:00:09]} Qf5 {[%clk 00:02:11]} {[%emt 00:00:02]}
30. a3 {[%clk 00:05:15]} {[%emt 00:01:46]} Rd7 {[%clk 00:02:12]} {[%emt
00:00:04]} 31. Qb5 {[%clk 00:05:00]} {[%emt 00:00:19]} Rcd2 {[%clk 00:01:21]}
{[%emt 00:00:57]} 32. h3 {[%clk 00:04:41]} {[%emt 00:00:23]} Rd1 {[%clk
00:01:23]} {[%emt 00:00:04]} 33. Rxd1 {[%clk 00:03:57]} {[%emt 00:00:48]} Rxd1+
{[%clk 00:01:27]} {[%emt 00:00:02]} 34. Kh2 {[%clk 00:04:00]} {[%emt 00:00:02]}
Rd7 {[%clk 00:01:25]} {[%emt 00:00:06]} 35. Qc5 {[%clk 00:03:49]} {[%emt
00:00:13]} Rf7 {[%clk 00:01:15]} {[%emt 00:00:18]} 36. b4 {[%clk 00:03:39]}
{[%emt 00:00:15]} Qe4 {[%clk 00:00:49]} {[%emt 00:00:31]} 37. Qd6 {[%clk
00:03:24]} {[%emt 00:00:19]} Bd5 {[%clk 00:00:51]} {[%emt 00:00:05]} 38. a4
{[%clk 00:02:57]} {[%emt 00:00:31]} Kh7 {[%clk 00:00:29]} {[%emt 00:00:27]} 39.
b5 {[%clk 00:02:49]} {[%emt 00:00:14]} Bb7 {[%clk 00:00:14]} {[%emt 00:00:20]}
40. a5 {[%clk 00:02:43]} {[%emt 00:00:10]} Qa4 {[%clk 00:00:08]} {[%emt
00:00:11]} 41. Qg6+ {[%clk 00:01:52]} {[%emt 00:00:55]} Kg8 {[%clk 00:00:12]}
{[%emt 00:00:02]} 42. Bxg7 {[%clk 00:01:41]} {[%emt 00:00:16]} Be4 {[%clk
00:00:16]} {[%emt 00:00:02]} 43. Qxh6 {[%clk 00:01:34]} {[%emt 00:00:12]} 1-0